<?xml version="1.0" encoding="UTF-8"?>
<record
    xmlns:xsi="http://www.w3.org/2001/XMLSchema-instance"
    xsi:schemaLocation="http://www.loc.gov/MARC21/slim http://www.loc.gov/standards/marcxml/schema/MARC21slim.xsd"
    xmlns="http://www.loc.gov/MARC21/slim">

  <leader>02467nam a2200313 i 4500</leader>
  <controlfield tag="001">173621</controlfield>
  <controlfield tag="003">ES-MaACL</controlfield>
  <controlfield tag="005">20250809231449.0</controlfield>
  <controlfield tag="007">t|</controlfield>
  <controlfield tag="008">091215s18531853sp           |||| | spa d</controlfield>
  <datafield tag="110" ind1="2" ind2=" ">
    <subfield code="a">Real Academia de Ciencias Exactas, F&#xED;sicas y Naturales de Espa&#xF1;a.</subfield>
    <subfield code="9">175635</subfield>
  </datafield>
  <datafield tag="245" ind1="1" ind2="0">
    <subfield code="a">Memorias de la Real Academia de Ciencias </subfield>
    <subfield code="g">1853.</subfield>
  </datafield>
  <datafield tag="260" ind1=" " ind2=" ">
    <subfield code="a">Madrid : </subfield>
    <subfield code="b">[s.n.], </subfield>
    <subfield code="c">1853 (</subfield>
    <subfield code="f">Aguado Imp.)</subfield>
  </datafield>
  <datafield tag="300" ind1=" " ind2=" ">
    <subfield code="a">v. ; </subfield>
    <subfield code="c">28 cm.</subfield>
  </datafield>
  <datafield tag="505" ind1="8" ind2=" ">
    <subfield code="a">Contiene: T. II: La importancia filos&#xF3;fica de la qu&#xED;mica / Manuel Rioz Pedraja (18 p.). El inmenso desarrollo que desde el siglo XVII han recibido las matem&#xE1;ticas / Manuel Monteverde (p. 19-28). Las condiciones que la Espa&#xF1;a reune por su posici&#xF3;n geogr&#xE1;fica y su topograf&#xED;a f&#xED;sica en favor de los rpogresos de las ciencias... / Antonio Rem&#xF3;n Zarco del Valle (p. 29-38). La aparente sencillez del organismo vegetal / Jos&#xE9; Mart&#xED;n de Le&#xF3;n (p. 39-51). Del contrapeso que las ciencias de la naturaleza y se&#xF1;aladamente la qu&#xED;mica ejercen con sus pasmosos adelantamientos sobre los males que afligen a la humanidad / Juan Mar&#xED;a Pou y Camps (p. 53-76). Forma m&#xE1;s conveniente de los tri&#xE1;ngulos geod&#xE9;sicos; Astronom&#xED;a del tiempo / Antonio Terrero (p. 77-105 + 1 gr&#xE1;f. pleg.). Elementos de cronolog&#xED;a anal&#xED;tica / Jos&#xE9; S&#xE1;nchez Cerquero (p. 106-232). Teor&#xED;a sobre la resoluci&#xF3;n general de los rpoblemas algebr&#xE1;icos / Francisco Marr&#xF3;n (p. 233-567). El origen y progresos de los instrumentos de astronom&#xED;a y geodesia / Carlos Iba&#xF1;ez e Iba&#xF1;ez (30 p.). Contestaci&#xF3;n / Antonio Aguilar y Vela (p. 32-45). Comparaci&#xF3;n de la regla geod&#xE9;sica perteneciente al gobierno de S.A. el Virey de Egipto que sirvi&#xF3; para la medici&#xF3;n de la base central del mapa de Espa&#xF1;a / Ismael Effendy, Carlos Iba&#xF1;ez e Iba&#xF1;ez (p. 47-170 + 1 plan pleg.)</subfield>
  </datafield>
  <datafield tag="700" ind1="1" ind2=" ">
    <subfield code="a">Rioz y Pedraja, Manuel.</subfield>
    <subfield code="9">131833</subfield>
  </datafield>
  <datafield tag="700" ind1="1" ind2=" ">
    <subfield code="a">Monteverde, Manuel.</subfield>
    <subfield code="9">141817</subfield>
  </datafield>
  <datafield tag="700" ind1="1" ind2=" ">
    <subfield code="a">Rem&#xF3;n Zarco del Valle, Antonio,</subfield>
    <subfield code="d">1789-1866</subfield>
    <subfield code="9">131690</subfield>
  </datafield>
  <datafield tag="700" ind1="1" ind2=" ">
    <subfield code="a">Mart&#xED;n de Le&#xF3;n, Jos&#xE9;.</subfield>
    <subfield code="9">141818</subfield>
  </datafield>
  <datafield tag="700" ind1="1" ind2=" ">
    <subfield code="a">Pou y Camps, Juan Mar&#xED;a.</subfield>
    <subfield code="9">131312</subfield>
  </datafield>
  <datafield tag="700" ind1="1" ind2=" ">
    <subfield code="a">Terrero, Antonio.</subfield>
    <subfield code="9">141819</subfield>
  </datafield>
  <datafield tag="700" ind1="1" ind2=" ">
    <subfield code="a">S&#xE1;nchez y Cerquero, Jos&#xE9;.</subfield>
    <subfield code="9">141820</subfield>
  </datafield>
  <datafield tag="700" ind1="1" ind2=" ">
    <subfield code="a">Marr&#xF3;n y Villodas, Francisco.</subfield>
    <subfield code="9">77083</subfield>
  </datafield>
  <datafield tag="700" ind1="1" ind2=" ">
    <subfield code="a">Ib&#xE1;&#xF1;ez de Ibero, Carlos, </subfield>
    <subfield code="c">Marqu&#xE9;s de Mulhac&#xE9;n, </subfield>
    <subfield code="d">1888-1966</subfield>
    <subfield code="9">151481</subfield>
  </datafield>
  <datafield tag="700" ind1="1" ind2=" ">
    <subfield code="a">Aguilar y Vela, Antonio, </subfield>
    <subfield code="d">1820-1882</subfield>
    <subfield code="9">18755</subfield>
  </datafield>
  <datafield tag="700" ind1="1" ind2=" ">
    <subfield code="a">Effendy, Ismail.</subfield>
    <subfield code="9">46686</subfield>
  </datafield>
  <datafield tag="852" ind1=" " ind2=" ">
    <subfield code="a">ES-MaACL</subfield>
    <subfield code="j">K-217</subfield>
  </datafield>
  <datafield tag="999" ind1=" " ind2=" ">
    <subfield code="c">173621</subfield>
    <subfield code="d">173621</subfield>
  </datafield>
  <datafield tag="952" ind1=" " ind2=" ">
    <subfield code="0">0</subfield>
    <subfield code="1">0</subfield>
    <subfield code="4">0</subfield>
    <subfield code="7">0</subfield>
    <subfield code="8">LIBXIX</subfield>
    <subfield code="a">ATENEOM</subfield>
    <subfield code="b">ATENEOM</subfield>
    <subfield code="c">ADM</subfield>
    <subfield code="d">2009-12-15</subfield>
    <subfield code="l">0</subfield>
    <subfield code="o">K-217</subfield>
    <subfield code="p">1182203</subfield>
    <subfield code="r">2023-02-23 00:00:00</subfield>
    <subfield code="w">2023-02-23</subfield>
    <subfield code="y">MONANT</subfield>
  </datafield>
</record>
